The IT Value quest : how to capture the business value of IT-based infrastructure
Αποθηκεύτηκε σε:
| Κύριος συγγραφέας: | |
|---|---|
| Μορφή: | Βιβλίο |
| Γλώσσα: | English |
| Δημοσίευση: |
Chichester ; New York :
John Wiley & Sons,
c2000
|
| Σειρά: | John Wiley series in information systems
|
| Θέματα: | |
| Ετικέτες: |
Προσθήκη ετικέτας
Δεν υπάρχουν, Καταχωρήστε ετικέτα πρώτοι!
|
MARC
| LEADER | 00000nam a2200000 i 4500 | ||
|---|---|---|---|
| 001 | 1/18200 | ||
| 008 | 010309s2000 eng d | ||
| 020 | |a 0-471-98817-0 | ||
| 035 | |l 10066408 | ||
| 040 | |a GR-MY-UA |b gre |e aacr | ||
| 041 | 0 | |a eng | |
| 082 | 0 | |a 658.05 | |
| 100 | 1 | |a Renkema, Theo J. W. | |
| 245 | 1 | 4 | |a The IT Value quest : |b how to capture the business value of IT-based infrastructure / |c Theo J.W. Renkema |
| 260 | |a Chichester ; New York : |b John Wiley & Sons, |c c2000 | ||
| 300 | |a xx, 255 p.; |b ill.; |c 24 cm. | ||
| 490 | 1 | |a John Wiley series in information systems | |
| 504 | |a Includes bibliographical references and index | ||
| 650 | 0 | 0 | |a Management information systems. |
| 650 | 0 | 0 | |a Capital investments. |
| 650 | 0 | 0 | |a Decision support systems. |
| 830 | 0 | |a John Wiley series in information systems | |
| 852 | |a INST |b SAMOS |e 20010406 |h 658.05 REN |p 005300021034 |q 005300021034 |t BK |y 0 | ||
| 852 | |a INST |b SAMOS |e 20010406 |h 658.05 REN |p 005300021035 |q 005300021035 |t BK |y 0 | ||
| 852 | |a INST |b SAMOS |e 20010406 |h 658.05 REN |p 005300021036 |q 005300021036 |t BK |y 0 | ||
| 852 | |a INST |b SAMOS |e 20010406 |h 658.05 REN |p 005300021037 |q 005300021037 |t BK |y 0 | ||
| 852 | |a INST |b SAMOS |e 20010406 |h 658.05 REN |p 005300021038 |q 005300021038 |t BK |y 23 | ||
| 852 | |a INST |b SAMOS |e 20010406 |h 658.05 REN |p 005300021039 |q 005300021039 |t BK |y 0 | ||
| 852 | |a INST |b SAMOS |e 20010406 |h 658.05 REN |p 005300021040 |q 005300021040 |t BK |y 0 | ||
| 852 | |a INST |b SAMOS |e 20010309 |h 658.05 REN |p 005300021539 |q 005300021539 |t BK |y 0 | ||
| 852 | |a INST |b SAMOS |e 20010309 |h 658.05 REN |p 005300021540 |q 005300021540 |t BK |y 0 | ||
| 901 | |a BIBL3-2001-1 | ||
| 909 | |a Σ |b 086412 | ||
| 909 | |a Σ |b 086411 | ||
| 909 | |a Σ |b 086410 | ||
| 909 | |a Σ |b 086414 | ||
| 909 | |a Σ |b 086413 | ||
| 909 | |a Σ |b 086416 | ||
| 909 | |a Σ |b 086415 | ||
| 909 | |a Σ |b 085877 | ||
| 909 | |a Σ |b 085878 | ||
| 922 | |a 3ΕΛΗ | ||
| 922 | |a 3ΕΛΗ |b 200008 |c ΤΠΕΣ/ΠΟΛ-2 |d LEADER | ||
| 970 | |a ΚΟΣΙΕΡΗΣ |b ΧΡΗΣΤΟΣ |z 2001/03/09 | ||